000 01802cam a22005054i 4500
003 PE-LiUPU
005 20250731172930.0
008 150623s r 000 0 d
020 _a8431311371
035 _a(Sirsi) i9788431311377
040 _aPE-LiUPU
_bspa
_cPE-LiUPU
_erda
049 _aPRUA
082 0 4 _a232
_bO27
_221
100 1 _aOcariz Braña, Fernándo,
_eautor.
245 1 3 _aEl ministerio de Jesucristo; Lecciones de cristología y soteriología /
_cFernándo Ocáriz Braña.
264 1 _aPamplona, España :
_bEdiciones Universidad de Navarra,
_c1993.
300 _a489 páginas ;
_c23 centímetros
336 _atext
_2rdacontent
337 _aunmediated
_2rdamedia
338 _avolume
_2rdacarrier
490 0 _aBiblioteca de teología; manuales. Colección historia de la iglesia ;
_v19
504 _aIncluye bibliografía.
505 0 _aEl salvador esperado. -La venida de Cristo en la plenitud de los tiempos. -La persona de Cristo. -Cristo, camino, verdad y vida. -La redención.
526 _aSEG42
526 _aSEG41
526 _aSEG40
526 _aSEG39
526 _aP94
526 _aP87
526 _aP86
526 _aP85
526 _aP77
526 _aP76
526 _aP35
650 0 4 _aCristología.
650 0 4 _aSoteriología.
_92196
700 1 _aMateo, L. F.L.,
_eed.
700 1 _aRiestra, SecoJ. A.,
_eed.
942 _2ddc
_cBOOK
949 _a232 O27
_wDEWEY
_c1
_i43922
_lCCODEBUL1
_mBUL
_r0
_sY
_tBOOK
_u2015-6-24
_xTEOLOGIA
_PP35
_0COMPRA
_o.STAFF. Colección General
994 _aC0
_bPEPRU
596 _a1
999 _a232 O27
_wDEWEY
_c20733
_i43922
_d20733
_f2021-11-10
_g5
_lCCODEBUL1
_mBUL
_q2
_r0
_sY
_tBOOK
_u2015-6-24
_xTEOLOGIA
_PP35
_0COMPRA
_o.STAFF. Colección General
980 _81
_gALBERTO SANCHEZ Responsable de Automatización